[Event "December Evenings 2018"]
[Site "Chelyabinsk"]
[Date "2018.12.10"]
[Round "3.1"]
[White "Vinokur, Yuliya"]
[Black "Mukhina, Jana"]
[Result "0-1"]
[BlackElo "2072"]
[WhiteElo "2170"]
[LiveChessVersion "1.4.8"]

1. d4 {[%clk 1:30:57]} Nf6 {[%clk 1:30:49]} 2. c4 {[%clk 1:31:19]} g6
{[%clk 1:31:17]} 3. Nc3 Bg7 4. e4 {[%clk 1:31:43]} d6 {[%clk 1:32:13]} 5. Be2
{[%clk 1:31:42]} O-O {[%clk 1:32:35]} 6. Nf3 {[%clk 1:32:07]} e5 {[%clk 1:32:44]}
7. O-O {[%clk 1:31:05]} Nc6 {[%clk 1:31:52]} 8. Be3 {[%clk 1:31:29]} Ng4
{[%clk 1:26:50]} 9. Bg5 {[%clk 1:31:39]} f6 {[%clk 1:26:57]} 10. Bh4
{[%clk 1:32:02]} g5 {[%clk 1:25:56]} 11. Bg3 {[%clk 1:32:24]} Nh6
{[%clk 1:26:15]} 12. dxe5 {[%clk 1:32:45]} fxe5 {[%clk 1:24:23]} 13. h3
{[%clk 1:33:05]} Nf7 {[%clk 1:16:31]} 14. c5 {[%clk 1:33:09]} Be6
{[%clk 1:12:17]} 15. cxd6 {[%clk 1:26:27]} Nxd6 {[%clk 1:08:56]} 16. Qd2
{[%clk 1:16:25]} h6 {[%clk 1:07:17]} 17. Rad1 {[%clk 1:16:37]} Qe7
{[%clk 1:04:30]} 18. Nd5 {[%clk 1:12:12]} Qf7 {[%clk 0:59:22]} 19. Qe3
{[%clk 1:02:32]} Rae8 {[%clk 0:55:47]} 20. a3 {[%clk 0:59:29]} Nf5
{[%clk 0:28:13]} 21. exf5 {[%clk 0:43:10]} Bxd5 {[%clk 0:28:39]} 22. Qc5
{[%clk 0:43:30]} Rd8 {[%clk 0:22:57]} 23. Bb5 {[%clk 0:34:49]} e4
{[%clk 0:09:23]} 24. Bxc6 {[%clk 0:33:27]} bxc6 {[%clk 0:09:26]} 25. Nd4
{[%clk 0:31:02]} Bxd4 {[%clk 0:09:23]} 26. Qxd4 {[%clk 0:31:01]} Qxf5
{[%clk 0:07:47]} 27. Qxa7 {[%clk 0:30:07]} Rd7 {[%clk 0:08:17]} 28. Qe3
{[%clk 0:25:48]} h5 {[%clk 0:08:28]} 29. Qd4 {[%clk 0:19:59]} h4 {[%clk 0:07:37]}
30. Bh2 {[%clk 0:20:16]} g4 {[%clk 0:07:41]} 31. hxg4 {[%clk 0:17:46]} Qxg4
{[%clk 0:08:10]} 32. f3 {[%clk 0:18:15]} Qg6 {[%clk 0:08:08]} 33. fxe4
{[%clk 0:17:18]} Rxf1+ {[%clk 0:08:08]} 34. Rxf1 {[%clk 0:17:40]} Bxe4
{[%clk 0:07:32]} 35. Qc4+ {[%clk 0:14:53]} Bd5 {[%clk 0:08:01]} 36. Qe2
{[%clk 0:15:08]} Re7 {[%clk 0:06:25]} 37. Qf2 {[%clk 0:12:42]} Rg7
{[%clk 0:05:56]} 38. Qf8+ {[%clk 0:13:02]} Kh7 {[%clk 0:06:25]} 39. Qf5
{[%clk 0:13:23]} Qxf5 {[%clk 0:06:05]} 40. Rxf5 {[%clk 0:13:47]} Rxg2+
{[%clk 0:06:26]} 0-1

[Event "December Evenings 2018"]
[Site "Chelyabinsk"]
[Date "2018.12.10"]
[Round "3.2"]
[White "Petrenko, Svetlana"]
[Black "Prudnikova, Svetlana"]
[Result "1/2-1/2"]
[BlackElo "2235"]
[WhiteElo "2115"]
[LiveChessVersion "1.4.8"]

1. e4 {[%clk 1:30:53]} c5 {[%clk 1:30:47]} 2. Nf3 {[%clk 1:31:15]} Nc6
{[%clk 1:31:08]} 3. d4 {[%clk 1:31:19]} cxd4 {[%clk 1:31:31]} 4. Nxd4
{[%clk 1:31:42]} Nf6 {[%clk 1:31:53]} 5. Nc3 {[%clk 1:31:59]} d6 {[%clk 1:32:12]}
6. Be2 {[%clk 1:32:06]} e6 {[%clk 1:32:11]} 7. O-O {[%clk 1:31:23]} Be7
{[%clk 1:32:34]} 8. Kh1 {[%clk 1:28:40]} O-O {[%clk 1:32:18]} 9. f4
{[%clk 1:28:13]} a6 {[%clk 1:32:18]} 10. a4 {[%clk 1:27:39]} Qc7 {[%clk 1:32:36]}
11. Nb3 {[%clk 1:27:00]} b6 {[%clk 1:27:59]} 12. Bf3 {[%clk 1:24:02]} Rb8
{[%clk 1:26:17]} 1/2-1/2

[Event "December Evenings 2018"]
[Site "Chelyabinsk"]
[Date "2018.12.10"]
[Round "3.3"]
[White "Eidelson, Rakhil"]
[Black "Petrukhina, Olga"]
[Result "1-0"]
[BlackElo "2139"]
[WhiteElo "2086"]
[LiveChessVersion "1.4.8"]

1. e4 {[%clk 1:30:37]} e6 {[%clk 1:30:59]} 2. d3 {[%clk 1:30:50]} d5
{[%clk 1:31:25]} 3. Qe2 {[%clk 1:31:12]} Ne7 {[%clk 1:28:21]} 4. Nf3
{[%clk 1:31:20]} c5 {[%clk 1:28:08]} 5. g3 {[%clk 1:31:18]} g6 {[%clk 1:27:48]}
6. Bg2 {[%clk 1:31:13]} Bg7 {[%clk 1:28:10]} 7. O-O {[%clk 1:30:56]} O-O
{[%clk 1:28:32]} 8. e5 {[%clk 1:29:55]} h6 {[%clk 1:25:09]} 9. h4
{[%clk 1:30:18]} Nbc6 {[%clk 1:22:52]} 10. Re1 {[%clk 1:30:23]} Nf5
{[%clk 1:21:01]} 11. Bf4 {[%clk 1:27:51]} b5 {[%clk 1:11:05]} 12. c3
{[%clk 1:11:31]} Rb8 {[%clk 1:04:22]} 13. Nbd2 {[%clk 1:09:39]} c4
{[%clk 0:58:24]} 14. d4 {[%clk 1:09:11]} b4 {[%clk 0:57:25]} 15. Nf1
{[%clk 1:09:18]} Bd7 {[%clk 0:47:36]} 16. N1h2 {[%clk 1:06:32]} bxc3
{[%clk 0:46:31]} 17. bxc3 {[%clk 1:07:00]} Qa5 {[%clk 0:25:27]} 18. Qd2
{[%clk 1:05:17]} Qa3 {[%clk 0:17:58]} 19. g4 {[%clk 1:02:01]} Nxh4
{[%clk 0:15:37]} 20. Nxh4 {[%clk 1:00:47]} g5 {[%clk 0:16:06]} 21. Be3
{[%clk 0:58:11]} gxh4 {[%clk 0:14:28]} 22. Bxh6 {[%clk 0:58:20]} f6
{[%clk 0:08:39]} 23. Bxg7 {[%clk 0:57:18]} Kxg7 {[%clk 0:09:08]} 24. exf6+
{[%clk 0:57:28]} Rxf6 {[%clk 0:09:29]} 25. g5 {[%clk 0:57:10]} Rff8
{[%clk 0:06:35]} 26. Re2 {[%clk 0:51:01]} Qd6 {[%clk 0:06:32]} 27. Rae1
{[%clk 0:43:19]} Qf4 {[%clk 0:04:58]} 28. Re3 {[%clk 0:42:01]} Ne7
{[%clk 0:03:47]} 29. Qe2 {[%clk 0:38:23]} Nf5 {[%clk 0:00:48]} 30. Rh3
{[%clk 0:34:19]} Rb7 {[%clk 0:00:39]} 31. Ng4 {[%clk 0:33:19]} Rfb8
{[%clk 0:00:35]} 32. Nf6 {[%clk 0:26:27]} Be8 {[%clk 0:00:49]} 33. Qxe6
{[%clk 0:25:17]} Bf7 {[%clk 0:00:37]} 34. Qe5 {[%clk 0:21:25]} Qxe5
{[%clk 0:01:06]} 35. Rxe5 {[%clk 0:20:57]} Rb1+ {[%clk 0:00:49]} 36. Kh2
{[%clk 0:21:05]} Kg6 {[%clk 0:00:54]} 37. Rf3 {[%clk 0:17:59]} Nd6
{[%clk 0:01:02]} 38. Nxd5 {[%clk 0:17:09]} Bxd5 {[%clk 0:01:11]} 39. Rf6+
{[%clk 0:17:12]} Kg7 {[%clk 0:01:19]} 40. Bxd5 {[%clk 0:17:11]} 1-0

[Event "December Evenings 2018"]
[Site "Chelyabinsk"]
[Date "2018.12.10"]
[Round "3.4"]
[White "Khokhlova, Daria"]
[Black "Filippova, Darya"]
[Result "1-0"]
[BlackElo "2066"]
[WhiteElo "2230"]
[LiveChessVersion "1.4.8"]

1. d4 {[%clk 1:30:59]} e6 {[%clk 1:30:42]} 2. c4 {[%clk 1:31:26]} d5
{[%clk 1:30:56]} 3. Nf3 {[%clk 1:31:52]} Nf6 {[%clk 1:30:54]} 4. e3
{[%clk 1:32:05]} Be7 {[%clk 1:26:06]} 5. b3 {[%clk 1:32:20]} O-O {[%clk 1:24:23]}
6. Bd3 {[%clk 1:32:22]} b6 {[%clk 1:23:42]} 7. O-O {[%clk 1:30:02]} Bb7
{[%clk 1:21:24]} 8. Bb2 {[%clk 1:27:49]} Nbd7 {[%clk 1:19:40]} 9. Nc3
{[%clk 1:24:28]} c5 {[%clk 1:15:16]} 10. Ne5 {[%clk 1:22:09]} Rc8
{[%clk 1:10:52]} 11. Qc2 {[%clk 1:17:22]} dxc4 {[%clk 1:05:22]} 12. bxc4
{[%clk 1:16:30]} h6 {[%clk 1:04:44]} 13. Rad1 {[%clk 1:11:28]} Qc7
{[%clk 1:02:06]} 14. Nb5 {[%clk 1:09:18]} Qb8 {[%clk 1:02:09]} 15. Nxd7
{[%clk 1:07:58]} Nxd7 {[%clk 1:02:28]} 16. d5 {[%clk 1:05:11]} a6
{[%clk 0:55:37]} 17. dxe6 {[%clk 1:01:30]} Ne5 {[%clk 0:49:32]} 18. exf7+
{[%clk 0:58:47]} Kh8 {[%clk 0:47:39]} 19. f4 {[%clk 0:54:32]} Nxd3
{[%clk 0:40:17]} 20. Qxd3 {[%clk 0:54:48]} Rc6 {[%clk 0:40:36]} 21. Be5
{[%clk 0:49:42]} Qa8 {[%clk 0:39:41]} 22. Nc3 {[%clk 0:46:45]} Rxf7
{[%clk 0:39:31]} 23. Nd5 {[%clk 0:45:40]} b5 {[%clk 0:39:00]} 24. e4
{[%clk 0:39:12]} Bd6 {[%clk 0:35:25]} 25. Bb2 {[%clk 0:38:12]} bxc4
{[%clk 0:34:58]} 26. Qxc4 {[%clk 0:37:58]} a5 {[%clk 0:34:59]} 27. Ne3
{[%clk 0:28:20]} Qf8 {[%clk 0:32:42]} 28. Nf5 {[%clk 0:27:16]} Rxf5
{[%clk 0:30:29]} 29. exf5 {[%clk 0:27:36]} Ba6 {[%clk 0:29:30]} 30. Qd5
{[%clk 0:26:35]} Rb6 {[%clk 0:29:46]} 31. Rf2 {[%clk 0:26:04]} Bb7
{[%clk 0:29:12]} 32. Qe6 {[%clk 0:25:19]} Bc8 {[%clk 0:28:53]} 33. Qxh6+
{[%clk 0:24:56]} Kg8 {[%clk 0:29:05]} 34. Qg5 {[%clk 0:24:46]} Bxf5
{[%clk 0:27:58]} 35. Bxg7 {[%clk 0:24:28]} 1-0

[Event "December Evenings 2018"]
[Site "Chelyabinsk"]
[Date "2018.12.10"]
[Round "3.5"]
[White "Mar, Karmen"]
[Black "Benderac, Ana"]
[Result "0-1"]
[BlackElo "2240"]
[WhiteElo "2088"]
[LiveChessVersion "1.4.8"]

1. e4 {[%clk 1:30:58]} c5 {[%clk 1:30:52]} 2. Nf3 {[%clk 1:31:21]} d6
{[%clk 1:31:15]} 3. d4 {[%clk 1:30:42]} cxd4 {[%clk 1:31:37]} 4. Qxd4
{[%clk 1:31:05]} Nc6 {[%clk 1:30:27]} 5. Bb5 {[%clk 1:31:08]} Bd7
{[%clk 1:27:05]} 6. Bxc6 {[%clk 1:31:26]} Bxc6 {[%clk 1:26:20]} 7. Nc3
{[%clk 1:30:52]} Nf6 {[%clk 1:24:25]} 8. Bg5 {[%clk 1:30:48]} e6 {[%clk 1:21:50]}
9. O-O-O {[%clk 1:30:22]} Be7 {[%clk 1:21:31]} 10. Qd3 {[%clk 1:29:44]} Qb6
{[%clk 1:16:00]} 11. Nd4 {[%clk 0:55:36]} O-O {[%clk 1:07:45]} 12. f4
{[%clk 0:51:02]} Rfe8 {[%clk 0:54:48]} 13. Kb1 {[%clk 0:35:20]} a5
{[%clk 0:37:25]} 14. Rhg1 {[%clk 0:23:00]} a4 {[%clk 0:33:38]} 15. g4
{[%clk 0:20:54]} a3 {[%clk 0:31:20]} 16. b3 {[%clk 0:18:24]} Ra5 {[%clk 0:28:06]}
17. Bxf6 {[%clk 0:15:11]} Bxf6 {[%clk 0:28:32]} 18. g5 {[%clk 0:15:14]} Bxd4
{[%clk 0:28:33]} 19. Qxd4 {[%clk 0:15:39]} Qxd4 {[%clk 0:28:51]} 20. Rxd4
{[%clk 0:16:07]} e5 {[%clk 0:29:08]} 21. fxe5 {[%clk 0:15:01]} Raxe5
{[%clk 0:29:03]} 22. Rxd6 {[%clk 0:14:01]} Bxe4 {[%clk 0:28:51]} 23. Kc1
{[%clk 0:12:55]} Bg6 {[%clk 0:23:24]} 24. Rg3 {[%clk 0:11:11]} b5
{[%clk 0:20:54]} 25. b4 {[%clk 0:09:49]} Rc8 {[%clk 0:19:05]} 26. Rb6
{[%clk 0:06:08]} h6 {[%clk 0:17:26]} 27. gxh6 {[%clk 0:05:22]} gxh6
{[%clk 0:17:46]} 28. h4 {[%clk 0:01:49]} Kh7 {[%clk 0:16:52]} 29. Rb7
{[%clk 0:01:12]} Rc4 {[%clk 0:16:11]} 30. Ra7 {[%clk 0:00:53]} Rxh4
{[%clk 0:12:58]} 31. Rxa3 {[%clk 0:00:54]} Rxb4 {[%clk 0:12:17]} 32. Ra5
{[%clk 0:00:45]} Rc4 {[%clk 0:12:33]} 33. Kb2 {[%clk 0:00:39]} Rec5
{[%clk 0:11:55]} 34. Kb3 {[%clk 0:00:45]} h5 {[%clk 0:09:41]} 35. a3
{[%clk 0:00:51]} h4 {[%clk 0:06:48]} 36. Re3 {[%clk 0:01:20]} Rxc3+
{[%clk 0:04:26]} 37. Rxc3 {[%clk 0:01:45]} Rxc3+ {[%clk 0:04:53]} 38. Kxc3
{[%clk 0:02:12]} h3 {[%clk 0:05:19]} 39. Rxb5 {[%clk 0:01:50]} h2
{[%clk 0:05:45]} 40. Rb1 {[%clk 0:01:58]} Be4 {[%clk 0:06:11]} 41. Kd4
{[%clk 0:01:39]} h1=Q {[%clk 0:06:35]} 42. Rxh1+ {[%clk 0:02:03]} Bxh1
{[%clk 0:07:02]} 43. Ke5 {[%clk 0:01:22]} Kg6 {[%clk 0:07:19]} 44. c4
{[%clk 0:01:07]} f5 {[%clk 0:07:34]} 45. c5 {[%clk 0:01:02]} Bb7 {[%clk 0:07:04]}
46. a4 {[%clk 0:00:56]} Kg5 {[%clk 0:07:00]} 47. Kd6 {[%clk 0:01:07]} f4
{[%clk 0:06:55]} 48. Kc7 {[%clk 0:00:46]} Ba8 {[%clk 0:06:54]} 49. Kb8
{[%clk 0:00:37]} Bc6 {[%clk 0:07:15]} 50. a5 {[%clk 0:01:02]} f3 {[%clk 0:07:25]}
51. Kc7 {[%clk 0:01:01]} Be4 {[%clk 0:06:27]} 52. c6 {[%clk 0:00:36]} f2
{[%clk 0:06:41]} 53. a6 {[%clk 0:00:52]} f1=Q {[%clk 0:06:43]} 54. a7
{[%clk 0:01:00]} Bxc6 {[%clk 0:06:38]} 55. Kxc6 {[%clk 0:01:19]} Qa6+
{[%clk 0:07:02]} 0-1

[Event "December Evenings 2018"]
[Site "Chelyabinsk"]
[Date "2018.12.10"]
[Round "3.6"]
[White "Yumakhuzhin, Vadim"]
[Black "Borisenko, Viacheslav"]
[Result "0-1"]
[BlackElo "2289"]
[WhiteElo "2228"]
[LiveChessVersion "1.4.8"]

1. e4 g6 {[%clk 1:25:11]} 2. d4 {[%clk 1:31:17]} Bg7 {[%clk 1:25:40]} 3. Nc3
{[%clk 1:31:39]} d5 {[%clk 1:25:55]} 4. exd5 {[%clk 1:26:54]} Nd7
{[%clk 1:24:00]} 5. Bc4 {[%clk 1:20:25]} Nb6 {[%clk 1:22:47]} 6. Bb3
{[%clk 1:20:41]} Nf6 {[%clk 1:23:11]} 7. Qf3 {[%clk 1:18:18]} Bg4
{[%clk 1:22:20]} 8. Qg3 {[%clk 1:14:38]} Bf5 {[%clk 1:20:53]} 9. Qf3
{[%clk 1:08:57]} Bg4 {[%clk 1:19:30]} 10. Qg3 {[%clk 1:09:10]} Qd7
{[%clk 1:17:50]} 11. h3 {[%clk 1:07:37]} Bf5 {[%clk 1:17:47]} 12. Qf3
{[%clk 1:05:55]} h5 {[%clk 1:18:14]} 13. Bf4 {[%clk 0:55:06]} O-O-O
{[%clk 1:16:27]} 14. Be5 {[%clk 0:40:23]} Rh7 {[%clk 1:14:13]} 15. O-O-O
{[%clk 0:24:03]} Bg4 {[%clk 1:12:59]} 16. hxg4 {[%clk 0:24:00]} hxg4
{[%clk 1:13:23]} 17. Rxh7 {[%clk 0:24:18]} Bh6+ {[%clk 1:03:21]} 18. Rxh6
{[%clk 0:24:39]} gxf3 {[%clk 1:03:50]} 19. Nxf3 {[%clk 0:20:19]} Nfxd5
{[%clk 1:02:36]} 20. Nxd5 {[%clk 0:18:31]} Nxd5 {[%clk 1:03:03]} 21. Bg3
{[%clk 0:17:03]} Qf5 {[%clk 1:02:00]} 22. Re1 {[%clk 0:15:53]} Qf6
{[%clk 0:57:15]} 23. Be5 {[%clk 0:12:10]} Qf5 {[%clk 0:57:06]} 24. Kb1
{[%clk 0:12:15]} c5 {[%clk 0:42:29]} 25. Bg3 {[%clk 0:10:05]} e6 {[%clk 0:39:55]}
26. Ne5 {[%clk 0:03:06]} Nf4 {[%clk 0:36:02]} 27. Rh7 {[%clk 0:01:43]} Rxd4
{[%clk 0:36:02]} 28. Nxf7 {[%clk 0:01:21]} c4 {[%clk 0:35:49]} 29. Bxc4
{[%clk 0:01:26]} g5 {[%clk 0:34:40]} 30. Rh8+ {[%clk 0:00:44]} Kc7
{[%clk 0:35:05]} 31. Nh6 {[%clk 0:01:04]} Qe4 {[%clk 0:34:11]} 32. Bxf4+
{[%clk 0:00:55]} gxf4 {[%clk 0:34:31]} 33. Rc1 {[%clk 0:01:17]} Rxc4
{[%clk 0:34:56]} 34. f3 {[%clk 0:01:16]} Qe2 {[%clk 0:33:45]} 35. Rg8
{[%clk 0:01:33]} Rd4 {[%clk 0:33:24]} 36. Rg4 {[%clk 0:00:57]} a5
{[%clk 0:31:11]} 37. Nf7 {[%clk 0:01:04]} a4 {[%clk 0:31:18]} 38. a3
{[%clk 0:00:42]} b5 {[%clk 0:30:05]} 39. Ng5 {[%clk 0:01:04]} b4 {[%clk 0:29:51]}
40. Ne4 {[%clk 0:00:37]} Rd1 {[%clk 0:29:32]} 41. Rg7+ {[%clk 0:00:39]} Kc6
{[%clk 0:29:52]} 42. axb4 {[%clk 0:00:47]} Rxc1+ {[%clk 0:30:19]} 43. Ka2
{[%clk 0:01:14]} Qc4+ {[%clk 0:30:37]} 0-1

[Event "December Evenings 2018"]
[Site "Chelyabinsk"]
[Date "2018.12.10"]
[Round "3.7"]
[White "Nugumanov, Bakhtiyar"]
[Black "Harutjunyan, Gevorg"]
[Result "1-0"]
[BlackElo "2487"]
[WhiteElo "2391"]
[LiveChessVersion "1.4.8"]

1. e4 {[%clk 1:30:55]} c6 {[%clk 1:30:54]} 2. d4 {[%clk 1:31:09]} d5
{[%clk 1:31:16]} 3. Nc3 {[%clk 1:31:22]} dxe4 {[%clk 1:31:34]} 4. Nxe4
{[%clk 1:31:46]} Bf5 {[%clk 1:31:29]} 5. Ng3 {[%clk 1:32:04]} Bg6
{[%clk 1:31:53]} 6. Nf3 {[%clk 1:32:21]} Nd7 {[%clk 1:32:11]} 7. Bd3
{[%clk 1:32:27]} e6 {[%clk 1:31:19]} 8. O-O {[%clk 1:32:40]} Bd6 {[%clk 1:31:37]}
9. Bxg6 {[%clk 1:29:46]} hxg6 {[%clk 1:31:50]} 10. c4 {[%clk 1:30:00]} Ne7
{[%clk 1:22:10]} 11. Bg5 {[%clk 1:26:10]} Qc7 {[%clk 1:19:24]} 12. Qe2
{[%clk 1:23:29]} Nf6 {[%clk 1:12:32]} 13. Rfe1 {[%clk 1:17:25]} Nf5
{[%clk 1:03:53]} 14. c5 {[%clk 1:09:08]} Bf4 {[%clk 0:56:06]} 15. Bxf4
{[%clk 1:06:18]} Qxf4 {[%clk 0:56:31]} 16. Qe5 {[%clk 1:05:44]} Qxe5
{[%clk 0:52:19]} 17. dxe5 {[%clk 1:05:51]} Nd5 {[%clk 0:52:17]} 18. Ne4
{[%clk 1:04:48]} Ke7 {[%clk 0:50:48]} 19. Rad1 {[%clk 1:03:31]} a5
{[%clk 0:47:07]} 20. g3 {[%clk 1:00:56]} a4 {[%clk 0:44:51]} 21. a3
{[%clk 0:59:30]} Ra5 {[%clk 0:36:02]} 22. Rd2 {[%clk 0:55:37]} f6
{[%clk 0:29:17]} 23. h4 {[%clk 0:52:14]} Nh6 {[%clk 0:26:28]} 24. exf6+
{[%clk 0:49:15]} gxf6 {[%clk 0:26:45]} 25. Rc1 {[%clk 0:47:48]} e5
{[%clk 0:23:07]} 26. Rc4 {[%clk 0:44:21]} Nf5 {[%clk 0:22:43]} 27. Rdc2
{[%clk 0:41:23]} Ra6 {[%clk 0:16:07]} 28. Kf1 {[%clk 0:39:09]} Ng7
{[%clk 0:10:17]} 29. Nd6 {[%clk 0:35:01]} b5 {[%clk 0:08:47]} 30. Rg4
{[%clk 0:33:23]} Rh6 {[%clk 0:08:56]} 31. Re2 {[%clk 0:27:34]} Ne6
{[%clk 0:07:41]} 32. Nd4 {[%clk 0:22:50]} Nxc5 {[%clk 0:00:59]} 33. N6f5+
{[%clk 0:22:53]} gxf5 {[%clk 0:01:20]} 34. Nxf5+ {[%clk 0:23:22]} Ke6
{[%clk 0:01:27]} 35. Nxh6 {[%clk 0:23:41]} Nb3 {[%clk 0:00:53]} 36. h5
{[%clk 0:22:51]} c5 {[%clk 0:01:18]} 37. Rg7 {[%clk 0:21:22]} Nd4
{[%clk 0:01:08]} 38. Re4 {[%clk 0:21:10]} c4 {[%clk 0:00:39]} 39. f4
{[%clk 0:20:08]} b4 {[%clk 0:00:37]} 40. fxe5 {[%clk 0:19:37]} c3
{[%clk 0:00:33]} 41. exf6+ {[%clk 0:18:50]} Kd6 {[%clk 0:00:57]} 42. bxc3
{[%clk 0:18:48]} bxc3 {[%clk 0:00:57]} 43. f7 {[%clk 0:16:51]} Ra8
{[%clk 0:01:07]} 44. Re1 {[%clk 0:13:14]} c2 {[%clk 0:00:45]} 45. Rg6+
{[%clk 0:12:51]} Kd7 {[%clk 0:00:35]} 46. Rc1 {[%clk 0:12:18]} Ne3+
{[%clk 0:00:46]} 47. Kf2 {[%clk 0:11:38]} Nd1+ {[%clk 0:01:01]} 48. Ke1
{[%clk 0:11:42]} Nf3+ {[%clk 0:00:36]} 49. Ke2 {[%clk 0:11:55]} Nd4+
{[%clk 0:00:35]} 50. Kd3 {[%clk 0:12:07]} Nc6 {[%clk 0:00:34]} 51. Kxc2
{[%clk 0:12:07]} Ne3+ {[%clk 0:00:58]} 52. Kd2 {[%clk 0:12:10]} 1-0

[Event "December Evenings 2018"]
[Site "Chelyabinsk"]
[Date "2018.12.10"]
[Round "3.8"]
[White "Radzhabov, Rodion"]
[Black "Bogdanov, Nikita"]
[Result "1/2-1/2"]
[BlackElo "2271"]
[WhiteElo "2332"]
[LiveChessVersion "1.4.8"]

1. Nf3 {[%clk 1:30:56]} d5 {[%clk 1:30:56]} 2. g3 {[%clk 1:31:18]} Nf6
{[%clk 1:31:18]} 3. Bg2 {[%clk 1:31:40]} h6 {[%clk 1:27:56]} 4. O-O
{[%clk 1:31:15]} Bf5 {[%clk 1:26:16]} 5. d3 {[%clk 1:30:06]} e6 {[%clk 1:26:19]}
6. Nbd2 {[%clk 1:30:27]} Bc5 {[%clk 1:24:34]} 7. c4 c6 {[%clk 1:24:04]} 8. b3
{[%clk 1:24:20]} Nbd7 {[%clk 1:23:36]} 9. Bb2 {[%clk 1:23:46]} O-O
{[%clk 1:22:41]} 10. d4 {[%clk 1:10:22]} Bd6 {[%clk 1:21:18]} 11. Ne5
{[%clk 1:01:23]} Bxe5 {[%clk 0:59:51]} 12. dxe5 {[%clk 0:59:06]} Ng4
{[%clk 1:00:06]} 13. e4 {[%clk 0:47:01]} dxe4 {[%clk 0:57:05]} 14. Nxe4
{[%clk 0:46:39]} Ngxe5 {[%clk 0:49:27]} 15. Ba3 {[%clk 0:38:19]} Bxe4
{[%clk 0:48:26]} 16. Bxe4 {[%clk 0:38:11]} Re8 {[%clk 0:48:33]} 17. f4
{[%clk 0:36:06]} Nf6 {[%clk 0:46:09]} 18. fxe5 {[%clk 0:17:33]} Nxe4
{[%clk 0:44:54]} 19. Qc2 {[%clk 0:09:35]} Qd4+ {[%clk 0:32:57]} 20. Kh1
{[%clk 0:08:39]} Rad8 {[%clk 0:30:02]} 21. Rae1 {[%clk 0:05:54]} Ng5
{[%clk 0:25:36]} 22. Bd6 {[%clk 0:05:18]} f5 {[%clk 0:25:25]} 23. Rf4
{[%clk 0:03:44]} Ne4 {[%clk 0:24:30]} 24. Rexe4 {[%clk 0:03:22]} fxe4
{[%clk 0:24:20]} 25. Rxe4 {[%clk 0:03:51]} Qb6 {[%clk 0:19:10]} 26. c5
{[%clk 0:03:15]} Qa6 {[%clk 0:18:51]} 27. Rf4 {[%clk 0:02:43]} b5
{[%clk 0:17:56]} 28. Qg6 {[%clk 0:02:28]} Qb7 {[%clk 0:18:13]} 29. g4
{[%clk 0:02:00]} Qd7 {[%clk 0:16:32]} 30. g5 {[%clk 0:01:23]} hxg5
{[%clk 0:15:20]} 31. Qxg5 {[%clk 0:00:56]} Rf8 {[%clk 0:15:16]} 32. Rxf8+
{[%clk 0:01:11]} Rxf8 {[%clk 0:15:44]} 33. Bxf8 {[%clk 0:01:35]} Qd5+
{[%clk 0:16:07]} 34. Kg1 {[%clk 0:01:50]} Kxf8 {[%clk 0:16:31]} 35. Qe3
{[%clk 0:01:19]} Qd1+ {[%clk 0:13:45]} 36. Kf2 {[%clk 0:01:41]} Qc2+
{[%clk 0:12:41]} 37. Kg3 {[%clk 0:01:37]} Qg6+ {[%clk 0:11:31]} 38. Kf2
{[%clk 0:01:36]} Qc2+ {[%clk 0:10:57]} 1/2-1/2

[Event "December Evenings 2018"]
[Site "Chelyabinsk"]
[Date "2018.12.10"]
[Round "3.10"]
[White "Kazantsev, Nikita"]
[Black "Remizov, Yaroslav"]
[Result "0-1"]
[BlackElo "2315"]
[WhiteElo "2177"]
[LiveChessVersion "1.4.8"]

1. e4 {[%clk 1:30:55]} c5 {[%clk 1:30:53]} 2. Nf3 {[%clk 1:31:05]} e6
{[%clk 1:31:15]} 3. d4 {[%clk 1:31:17]} cxd4 {[%clk 1:31:41]} 4. Nxd4
{[%clk 1:31:40]} Nc6 {[%clk 1:32:06]} 5. Nxc6 {[%clk 1:29:07]} bxc6
{[%clk 1:32:11]} 6. Bd3 {[%clk 1:28:55]} Nf6 {[%clk 1:30:39]} 7. O-O
{[%clk 1:28:17]} d5 {[%clk 1:30:44]} 8. Nc3 {[%clk 1:20:19]} Be7 {[%clk 1:28:23]}
9. Re1 {[%clk 1:07:55]} Rb8 {[%clk 1:20:54]} 10. a3 {[%clk 0:48:28]} d4
{[%clk 1:10:40]} 11. Nb1 {[%clk 0:43:15]} e5 {[%clk 1:07:17]} 12. Nd2
{[%clk 0:43:08]} Bg4 {[%clk 1:07:23]} 13. f3 {[%clk 0:42:07]} Be6
{[%clk 1:07:49]} 14. Nc4 {[%clk 0:41:56]} Nd7 {[%clk 1:08:06]} 15. b4
{[%clk 0:33:34]} c5 {[%clk 0:57:17]} 16. Bd2 {[%clk 0:21:05]} cxb4
{[%clk 0:48:56]} 17. axb4 {[%clk 0:21:29]} Bxc4 {[%clk 0:48:57]} 18. Bxc4
{[%clk 0:21:52]} Qc7 {[%clk 0:49:23]} 19. Bd5 {[%clk 0:12:57]} Bxb4
{[%clk 0:49:41]} 20. Bxb4 {[%clk 0:13:04]} Rxb4 {[%clk 0:50:10]} 21. Qd2
{[%clk 0:13:10]} Rb6 {[%clk 0:22:26]} 22. Qa5 {[%clk 0:12:35]} a6
{[%clk 0:22:41]} 23. Rab1 {[%clk 0:12:26]} O-O {[%clk 0:22:25]} 24. Rxb6
{[%clk 0:10:44]} Qxb6 {[%clk 0:22:54]} 25. Qxb6 {[%clk 0:08:29]} Nxb6
{[%clk 0:23:22]} 26. f4 {[%clk 0:06:51]} Rd8 {[%clk 0:14:27]} 27. Bb7
{[%clk 0:03:40]} a5 {[%clk 0:14:56]} 28. fxe5 {[%clk 0:03:37]} Rd7
{[%clk 0:15:22]} 29. Bc6 {[%clk 0:02:56]} Rc7 {[%clk 0:12:08]} 30. Bd5
{[%clk 0:03:21]} Rxc2 {[%clk 0:05:07]} 31. Rb1 {[%clk 0:03:23]} Nc8
{[%clk 0:05:35]} 32. Rd1 {[%clk 0:02:35]} Kf8 {[%clk 0:05:27]} 33. Rxd4
{[%clk 0:01:57]} Nb6 {[%clk 0:05:46]} 34. Rd1 {[%clk 0:01:58]} a4
{[%clk 0:00:54]} 35. Rb1 {[%clk 0:01:00]} Nxd5 {[%clk 0:01:11]} 36. exd5
{[%clk 0:01:27]} a3 {[%clk 0:01:36]} 37. d6 {[%clk 0:01:15]} Rb2 {[%clk 0:01:34]}
38. Rc1 {[%clk 0:01:14]} Ke8 {[%clk 0:01:59]} 39. Rc8+ {[%clk 0:00:54]} Kd7
{[%clk 0:02:24]} 40. Rc7+ {[%clk 0:00:45]} Kd8 {[%clk 0:02:49]} 41. Ra7
{[%clk 0:00:56]} a2 {[%clk 0:03:13]} 42. Ra8+ {[%clk 0:01:21]} Kd7
{[%clk 0:03:41]} 43. Ra7+ {[%clk 0:01:47]} Ke6 {[%clk 0:04:03]} 44. h3
{[%clk 0:00:33]} Rb1+ {[%clk 0:04:28]} 45. Kh2 {[%clk 0:01:02]} a1=Q
{[%clk 0:04:50]} 46. Re7+ {[%clk 0:01:29]} Kd5 {[%clk 0:05:08]} 47. d7
{[%clk 0:01:56]} Rb8 {[%clk 0:05:35]} 48. Re8 {[%clk 0:02:21]} Qxe5+
{[%clk 0:06:01]} 0-1